| 000 | 00754nam a2200241 u 4500 | ||
|---|---|---|---|
| 005 | 20260415064148.0 | ||
| 008 | 150617s2012 es r 000 0 spa d | ||
| 020 | _a9788499212548 | ||
| 035 | _aUPN01000204354 | ||
| 049 | _aCG | ||
| 050 | 4 |
_aLB1725 E5 _bE8.7 |
|
| 245 | 0 | 0 |
_aEstudios de pedagogía intercultural / _ced. Miguel A. Santos Rego. |
| 260 |
_aBarcelona, Esp. : _bOctaedro, _c2012. |
||
| 300 | _a188 p. | ||
| 440 | 0 | _aUniversidad | |
| 650 | 4 |
_aMaestros _xFormación profesional _zEspaña _9783 |
|
| 650 | 4 |
_aMULTICULTURALISMO - _zESPAÑA _913626 |
|
| 650 | 4 |
_aSociología de la educación _94896 |
|
| 650 | 4 |
_aINMIGRANTES - _zEUROPA _922040 |
|
| 700 | 1 |
_aSantos Rego, Miguel Anxo, _d1955- _eed. _941775 |
|
| 905 | _aLibro | ||
| 999 |
_c176455 _d176455 |
||